000 01046nam a2200277Ia 4500
003 OSt
005 20221005111714.0
006 a|||||r|||| 00| 0
007 ta
008 221004b |||||||| |||| 00| 0 hin d
020 _a9789380172422 (pbk)
_cINR 100.00
024 _a37737
037 _b1519, 21/02/2018, Bookwell
_cTextual
040 _aCRL
_cCRL
_bhin
041 _2hin
_ahin
082 _aY73(P1):1, 152Q1
100 _aथापर, रोमिला, ले.
245 0 _aआर्य
_b संरचना का पुनर्गठन
246 _aĀrya: sanrachanā kā punargaṭhana
260 _aभारत
_bहिन्दी माध्यम कार्यान्वय निदेशालय भारत
_c2011
300 _a146पृ0
_ccm.
650 _a भारतीय-लोक साहित्य
650 _aभाषा
942 _hY73(P1):1, 152Q1
_cTEXL
_2cc
999 _c1022647
_d1022647